[Event "Cholet-C"]
[Site "Cholet"]
[Date "2011.03.10"]
[Round "8"]
[White "Bellay, Jean Pierre"]
[Black "Taquet, Alain"]
[Result "1-0"]
[WhiteElo "1542"]
[BlackElo "1630"]
[PlyCount "127"]
[EventDate "2011.03.05"]
[EventType "tourn"]
[EventRounds "9"]
[EventCountry "FRA"]
[SourceTitle "EXT 2012"]
[Source "ChessBase"]
[SourceDate "2011.11.24"]
[SourceVersion "1"]
[SourceVersionDate "2011.11.24"]
[SourceQuality "1"]

1. d4 Nf6 2. c4 e6 3. Nc3 b6 4. Nf3 Bb7 5. Bg5 Be7 6. Bxf6 Bxf6 7. e4 d6 8. Be2 g6 9. 0-0 Nd7 10. Qd2 Qe7 11. Rfe1 0-0-0 12. b4 Kb8 13. a4 c5 14. a5 cxb4 15. Nb5 Bxe4 16. Qxb4 Rc8 17. axb6 Nxb6 18. Rxa7 Qxa7 19. Nxa7 Kxa7 20. c5 dxc5 21. dxc5 Bd5 22. Qxb6+ Ka8 23. Qa6+ Kb8 24. Qb6+ Bb7 25. Ba6 Rc7 26. Ne5 Bxe5 27. Rxe5 Rd8 28. Re1 Rdd7 29. Bxb7 Rxb7 30. Qa5 Rd5 31. Ra1 Kc8 32. g3 Rc7 33. Qa8+ Kd7 34. Ra7 Rdxc5 35. Rxc7+ Rxc7 36. Qg8 Ke7 37. Qxh7 Kf6 38. Qh8+ Ke7 39. Qh4+ Ke8 40. Qf6 Rd7 41. h4 Rd5 42. g4 Rd1+ 43. Kg2 Rd5 44. Qh8+ Ke7 45. h5 gxh5 46. gxh5 Rg5+ 47. Kh3 Rf5 48. h6 Rxf2 49. h7 Rf1 50. Kg2 Rf6 51. Qg8 Rg6+ 52. Qxg6 fxg6 53. h8Q Kf7 54. Kf3 g5 55. Qh6 Ke7 56. Qxg5+ Kd6 57. Ke4 Kc6 58. Qe7 e5 59. Qxe5 Kd7 60. Kd5 Kc8 61. Qe7 Kb8 62. Kc6 Ka8 63. Kb6 Kb8 64. Qb7# 1-0

[Event "Cholet-C"]
[Site "Cholet"]
[Date "2011.03.09"]
[Round "6"]
[White "Bellay, Jean Pierre"]
[Black "Leboucher, Pascal"]
[Result "0-1"]
[WhiteElo "1542"]
[BlackElo "1620"]
[PlyCount "100"]
[EventDate "2011.03.05"]
[EventType "tourn"]
[EventRounds "9"]
[EventCountry "FRA"]
[SourceTitle "EXT 2012"]
[Source "ChessBase"]
[SourceDate "2011.11.24"]
[SourceVersion "1"]
[SourceVersionDate "2011.11.24"]
[SourceQuality "1"]

1. d4 d6 2. c4 Nf6 3. Nc3 g6 4. e4 Bg7 5. Nf3 0-0 6. Be2 e5 7. dxe5 dxe5 8. Qxd8 Rxd8 9. Bg5 Re8 10. Nd5 Nxd5 11. cxd5 h6 12. Be3 c6 13. Bc4 b5 14. Bb3 Bb7 15. dxc6 Nxc6 16. Bd5 Na5 17. Bxb7 Nxb7 18. Nd2 Rec8 19. Kd1 Bf8 20. Rc1 Nc5 21. Ke2 a5 22. Rc2 Nb7 23. Rhc1 Rxc2 24. Rxc2 Kg7 25. Rc7 Nd8 26. Bc5 Ne6 27. Bxf8+ Kxf8 28. Rb7 Rc8 29. Kd1 Nd4 30. Nb3 Nxb3 31. axb3 Rc5 32. f3 Kg7 33. Kd2 Kf6 34. Rb6+ Kg5 35. g3 h5 36. h4+ Kh6 37. Rd6 Kg7 38. Rd5 Rxd5+ 39. exd5 f5 40. Kc3 Kf6 41. b4 a4 42. Kd3 Ke7 43. f4 Kd6 44. fxe5+ Kxd5 45. e6 Kxe6 46. Kd4 Kd6 47. Ke3 Ke5 48. Kd3 Kd5 49. Kc3 Ke4 50. Kd2 Kd4 0-1

[Event "Cholet-C"]
[Site "Cholet"]
[Date "2011.03.09"]
[Round "7"]
[White "Secher, Pierre"]
[Black "Bellay, Jean Pierre"]
[Result "1/2-1/2"]
[WhiteElo "1580"]
[BlackElo "1542"]
[PlyCount "127"]
[EventDate "2011.03.05"]
[EventType "tourn"]
[EventRounds "9"]
[EventCountry "FRA"]
[SourceTitle "EXT 2012"]
[Source "ChessBase"]
[SourceDate "2011.11.24"]
[SourceVersion "1"]
[SourceVersionDate "2011.11.24"]
[SourceQuality "1"]

1. e4 e6 2. Nc3 d5 3. d4 Nf6 4. e5 Nfd7 5. Nf3 c5 6. Be3 Nc6 7. a3 cxd4 8. Bxd4 Nxd4 9. Qxd4 Bc5 10. Qg4 Kf8 11. Bd3 a6 12. 0-0 b5 13. b4 Be7 14. Rfe1 Nb6 15. Ne2 Bb7 16. Ned4 Rc8 17. Qf4 Kg8 18. h4 h6 19. g3 Nc4 20. Rab1 Nxa3 21. Rb3 Nc4 22. Nh2 g5 23. hxg5 hxg5 24. Qg4 Qf8 25. Kg2 Nd2 26. Ra3 Ne4 27. Rh1 Bxb4 28. Bxe4 Bxa3 29. Bd3 Qh6 30. f4 Qh5 31. Qxg5+ Qxg5 32. fxg5 Bb2 33. Nhf3 Rxh1 34. Kxh1 Bxd4 35. Nxd4 Kg7 36. Kg2 Bc6 37. Kf2 Bd7 38. Ke3 Rb8 39. Nb3 Ra8 40. Nc5 Bc6 41. Kd4 a5 42. Nb3 a4 43. Na1 Kf8 44. Kc5 Bd7 45. g6 Be8 46. gxf7 Kxf7 47. g4 Rb8 48. c3 Rc8+ 49. Kb4 Rc4+ 50. Bxc4 bxc4 51. Nc2 Kg6 52. Kc5 Kg5 53. Kd6 Bf7 54. Ke7 Kxg4 55. Kxf7 Kf5 56. Ke7 Kxe5 57. Kd7 Ke4 58. Nb4 e5 59. Kd6 d4 60. cxd4 exd4 61. Kc5 c3 62. Kc4 Ke3 63. Nc2+ Kd2 64. Nxd4 1/2-1/2

[Event "Cholet-C"]
[Site "Cholet"]
[Date "2011.03.07"]
[Round "3"]
[White "Bellay, Jean Pierre"]
[Black "Trouve, Guillaume"]
[Result "0-1"]
[WhiteElo "1542"]
[BlackElo "1624"]
[PlyCount "64"]
[EventDate "2011.03.05"]
[EventType "tourn"]
[EventRounds "9"]
[EventCountry "FRA"]
[SourceTitle "EXT 2012"]
[Source "ChessBase"]
[SourceDate "2011.11.24"]
[SourceVersion "1"]
[SourceVersionDate "2011.11.24"]
[SourceQuality "1"]

1. d4 d5 2. c4 e6 3. Nc3 Nf6 4. cxd5 exd5 5. Bg5 Be7 6. Qc2 h6 7. Bh4 0-0 8. e3 b6 9. Nf3 Bb7 10. Bd3 Nbd7 11. 0-0 c5 12. b3 Ne4 13. Bxe7 Qxe7 14. Bxe4 dxe4 15. Nd2 f5 16. Ne2 Rac8 17. Qd1 Ba6 18. Re1 Qf6 19. Rc1 Bxe2 20. Qxe2 cxd4 21. exd4 Qxd4 22. Nc4 Nc5 23. Qe3 Qxe3 24. Rxe3 Nd3 25. Rd1 Rfd8 26. Kf1 b5 27. Na3 a6 28. f3 Nc5 29. Rxd8+ Rxd8 30. fxe4 Nxe4 31. Ke2 Rd2+ 32. Kf3 Rf2# 0-1

[Event "Cholet-C"]
[Site "Cholet"]
[Date "2011.03.07"]
[Round "4"]
[White "Martini, Lionel"]
[Black "Bellay, Jean Pierre"]
[Result "0-1"]
[WhiteElo "1631"]
[BlackElo "1542"]
[PlyCount "62"]
[EventDate "2011.03.05"]
[EventType "tourn"]
[EventRounds "9"]
[EventCountry "FRA"]
[SourceTitle "EXT 2012"]
[Source "ChessBase"]
[SourceDate "2011.11.24"]
[SourceVersion "1"]
[SourceVersionDate "2011.11.24"]
[SourceQuality "1"]

1. e4 e6 2. d4 d5 3. Nc3 Nf6 4. e5 Nfd7 5. Qg4 c5 6. Bd2 cxd4 7. Nb5 Nxe5 8. Nd6+ Qxd6 9. Qxd4 Nbc6 10. Qc3 Qb4 11. 0-0-0 Qxc3 12. Bxc3 Bb4 13. Be1 Bxe1 14. Rxe1 0-0 15. f4 Ng4 16. h4 Bd7 17. Nh3 f6 18. Be2 e5 19. Rhf1 Ne3 20. Rf2 Bf5 21. c3 d4 22. Kd2 Bxh3 23. gxh3 Rae8 24. h5 Nf5 25. Bd3 dxc3+ 26. Kxc3 Nd6 27. f5 e4 28. Bc2 e3 29. Rf3 Ne4+ 30. Kd3 Nb4+ 31. Ke2 Nxc2 0-1

[Event "Cholet-C"]
[Site "Cholet"]
[Date "2011.03.06"]
[Round "2"]
[White "Kneib, Bernard"]
[Black "Bellay, Jean Pierre"]
[Result "0-1"]
[WhiteElo "1571"]
[BlackElo "1542"]
[PlyCount "76"]
[EventDate "2011.03.05"]
[EventType "tourn"]
[EventRounds "9"]
[EventCountry "FRA"]
[SourceTitle "EXT 2012"]
[Source "ChessBase"]
[SourceDate "2011.11.24"]
[SourceVersion "1"]
[SourceVersionDate "2011.11.24"]
[SourceQuality "1"]

1. e4 e6 2. d3 d5 3. Nd2 c5 4. g3 b5 5. Bg2 Bb7 6. Qe2 d4 7. Ngf3 Nd7 8. 0-0 e5 9. Re1 g6 10. Nf1 Bh6 11. Bd2 Bxd2 12. Qxd2 f6 13. Nh4 Qc7 14. Rac1 Ne7 15. c3 g5 16. Nf3 g4 17. Nh4 h5 18. cxd4 exd4 19. Nf5 Ne5 20. Nxd4 Qb6 21. Nb3 c4 22. dxc4 Rd8 23. Qe3 Qxe3 24. Rxe3 Nxc4 25. Re2 Kf7 26. Nc5 Bc8 27. b3 Ne5 28. Re3 h4 29. Rcc3 h3 30. Bh1 Rd1 31. Nd3 b4 32. Nxe5+ fxe5 33. Rcd3 Ra1 34. Rd2 Ba6 35. Red3 Bxd3 36. Rxd3 Rc8 37. Bf3 gxf3 38. Rxf3+ Kg7 0-1

[Event "Angers op 5th"]
[Site "Angers"]
[Date "2010.04.25"]
[Round "5"]
[White "Glineur, Ludovic"]
[Black "Bellay, Jean Pierre"]
[Result "1/2-1/2"]
[WhiteElo "1730"]
[BlackElo "1541"]
[PlyCount "87"]
[EventDate "2010.04.23"]
[EventType "swiss"]
[EventRounds "6"]
[EventCountry "FRA"]
[SourceTitle "EXT 2011"]
[Source "ChessBase"]
[SourceDate "2010.11.26"]
[SourceVersion "1"]
[SourceVersionDate "2010.11.26"]
[SourceQuality "1"]

1. e4 e6 2. d4 d5 3. Nc3 Nf6 4. Bg5 dxe4 5. Nxe4 Be7 6. Nxf6+ Bxf6 7. Bxf6 Qxf6 8. Nf3 0-0 9. Be2 Nc6 10. c3 Rd8 11. Qc2 a6 12. 0-0 b5 13. a4 bxa4 14. Rxa4 Bb7 15. Rfa1 a5 16. Nd2 Ba6 17. Bf3 Bb5 18. R4a3 Rab8 19. Nb3 Rb6 20. Nxa5 Nxa5 21. Rxa5 Bc6 22. Bxc6 Rxc6 23. Qe4 Rb6 24. b4 h6 25. h3 Rdb8 26. Ra7 c5 27. bxc5 Rb2 28. R7a2 Qxf2+ 29. Kh1 Rxa2 30. Rg1 Qc2 31. Qe1 Qd2 32. Qg3 Rc8 33. Rf1 Ra3 34. Qf3 Rf8 35. Qb7 Qxc3 36. c6 Rb3 37. Qd7 Rbb8 38. c7 Rbc8 39. Rxf7 Qc1+ 40. Kh2 Qg5 41. Rxf8+ Rxf8 42. c8Q Qf4+ 43. Kg1 Qf2+ 44. Kh1 1/2-1/2

[Event "Angers op 5th"]
[Site "Angers"]
[Date "2010.04.24"]
[Round "4"]
[White "Bellay, Jean Pierre"]
[Black "Pizzo, Simon"]
[Result "1/2-1/2"]
[WhiteElo "1541"]
[BlackElo "1766"]
[PlyCount "87"]
[EventDate "2010.04.23"]
[EventType "swiss"]
[EventRounds "6"]
[EventCountry "FRA"]
[SourceTitle "EXT 2011"]
[Source "ChessBase"]
[SourceDate "2010.11.26"]
[SourceVersion "1"]
[SourceVersionDate "2010.11.26"]
[SourceQuality "1"]

1. d4 e6 2. c4 c5 3. d5 exd5 4. cxd5 d6 5. e4 g6 6. Nc3 Bg7 7. Bd3 Ne7 8. Bg5 h6 9. Bd2 a6 10. a4 Nd7 11. f4 Nf6 12. Nf3 Ng4 13. h3 Nf6 14. Qc2 Nh5 15. Ne2 Qb6 16. Bc3 Nf6 17. g4 Bxg4 18. hxg4 0-0 19. Rg1 Rac8 20. Bc4 Rfe8 21. Nd2 Qd8 22. g5 hxg5 23. fxg5 Nh5 24. Bxg7 Nxg7 25. 0-0-0 Qd7 26. Qb3 Rb8 27. Rh1 b5 28. Qh3 Qxh3 29. Rxh3 bxc4 30. Nxc4 Nc8 31. Rdh1 Kf8 32. Rh8+ Ke7 33. Rxe8+ Nxe8 34. Nc3 Na7 35. Rh8 Rb4 36. Na5 Kd7 37. Rh7 Ke7 38. Nc6+ Nxc6 39. dxc6 Ke6 40. Nd5 Rxe4 41. c7 Nxc7 42. Nxc7+ Ke7 43. Nd5+ Ke6 44. Nc7+ 1/2-1/2

[Event "Angers op 5th"]
[Site "Angers"]
[Date "2010.04.23"]
[Round "2"]
[White "Bellay, Jean Pierre"]
[Black "Duval, Michel"]
[Result "1/2-1/2"]
[WhiteElo "1541"]
[BlackElo "1774"]
[PlyCount "55"]
[EventDate "2010.04.23"]
[EventType "swiss"]
[EventRounds "6"]
[EventCountry "FRA"]
[SourceTitle "EXT 2011"]
[Source "ChessBase"]
[SourceDate "2010.11.26"]
[SourceVersion "1"]
[SourceVersionDate "2010.11.26"]
[SourceQuality "1"]

1. d4 f5 2. g3 Nf6 3. Bg2 g6 4. Nf3 Bg7 5. 0-0 0-0 6. c4 d6 7. d5 a5 8. Nc3 Na6 9. Rb1 Rb8 10. b3 Nc5 11. Bb2 Bd7 12. Nd4 e5 13. dxe6 Nxe6 14. Nxe6 Bxe6 15. Nd5 Nxd5 16. Bxg7 Kxg7 17. Bxd5 Qf6 18. e3 Rfe8 19. Bxe6 Rxe6 20. Qd5 b6 21. Rfd1 Rbe8 22. Qd4 Re4 23. Qxf6+ Kxf6 24. Kf1 g5 25. Rd4 h5 26. Rbd1 Rxd4 27. Rxd4 Re4 28. Ke2 1/2-1/2

[Event "Rohde op 07th"]
[Site "Sautron"]
[Date "2007.10.29"]
[Round "4"]
[White "Bellay, Jean Pierre"]
[Black "Fernandez, Clement"]
[Result "1-0"]
[WhiteElo "1553"]
[BlackElo "1787"]
[PlyCount "85"]
[EventDate "2007.10.27"]
[EventType "swiss"]
[EventRounds "9"]
[EventCountry "FRA"]
[SourceTitle "EXT 2008"]
[Source "ChessBase"]
[SourceDate "2007.11.25"]
[SourceVersion "1"]
[SourceVersionDate "2007.11.25"]
[SourceQuality "1"]

1. d4 d5 2. c4 c6 3. Nc3 Nf6 4. Nf3 a6 5. c5 Nbd7 6. b4 e6 7. h3 b6 8. Bf4 Be7 9. e3 0-0 10. Bd3 a5 11. a3 axb4 12. axb4 Bb7 13. 0-0 Ne8 14. e4 bxc5 15. bxc5 f6 16. exd5 cxd5 17. Qc2 e5 18. Bxh7+ Kh8 19. dxe5 Bxc5 20. exf6 Nexf6 21. Bg5 Qc7 22. Bxf6 Nxf6 23. Bd3 Rac8 24. Nb5 Qf4 25. Qd2 Qb8 26. Rab1 Qg3 27. Nbd4 Qb8 28. Ne6 Rf7 29. Ba6 Ne4 30. Qb2 Nxf2 31. Nxc5 Nxh3+ 32. Kh1 Rxc5 33. Bxb7 Qg3 34. Bxd5 Nf2+ 35. Kg1 Nd3 36. Qb8+ Qxb8 37. Rxb8+ Kh7 38. Bxf7 Rf5 39. Bg8+ Kh6 40. Rbb1 Kh5 41. Rbd1 Nf4 42. g4+ Kxg4 43. Nh2+ 1-0

[Event "Angers op 2nd"]
[Site "Angers"]
[Date "2007.04.15"]
[Round "6.29"]
[White "Bellay, Jean Pierre"]
[Black "Mallet, Gregoire"]
[Result "1/2-1/2"]
[WhiteElo "1590"]
[BlackElo "1740"]
[PlyCount "51"]
[EventDate "2007.04.13"]
[EventType "swiss"]
[EventRounds "6"]
[EventCountry "FRA"]
[SourceTitle "CBM 117 Extra"]
[Source "ChessBase"]
[SourceDate "2007.05.09"]
[SourceVersion "1"]
[SourceVersionDate "2007.05.09"]
[SourceQuality "1"]

1. d4 d5 2. c4 e6 3. cxd5 exd5 4. Nc3 Nf6 5. Bg5 Be7 6. e3 0-0 7. Bd3 c6 8. h3 Re8 9. Nf3 h6 10. Bf4 Be6 11. 0-0 Nbd7 12. Qc2 Nf8 13. Rab1 Rc8 14. a4 c5 15. dxc5 Bxc5 16. b4 Be7 17. Bb5 Bd7 18. Bxd7 Qxd7 19. Qb3 Ne6 20. Bh2 Red8 21. Rfd1 Qc6 22. Rbc1 Qc4 23. Qxc4 dxc4 24. b5 Bb4 25. Rxd8+ Rxd8 26. Be5 1/2-1/2

[Event "Angers op 2nd"]
[Site "Angers"]
[Date "2007.04.14"]
[Round "4.19"]
[White "Bellay, Jean Pierre"]
[Black "Malin, Cedric"]
[Result "1/2-1/2"]
[WhiteElo "1590"]
[BlackElo "1930"]
[PlyCount "75"]
[EventDate "2007.04.13"]
[EventType "swiss"]
[EventRounds "6"]
[EventCountry "FRA"]
[SourceTitle "CBM 117 Extra"]
[Source "ChessBase"]
[SourceDate "2007.05.09"]
[SourceVersion "1"]
[SourceVersionDate "2007.05.09"]
[SourceQuality "1"]

1. d4 d5 2. c4 e6 3. cxd5 exd5 4. Nc3 Nf6 5. Bg5 Be7 6. e3 0-0 7. Qc2 b6 8. Bd3 h6 9. Bf4 a6 10. h3 Bb7 11. Nge2 Nbd7 12. 0-0 c5 13. Qb1 b5 14. dxc5 Nxc5 15. Bc2 b4 16. Na4 Nce4 17. Rd1 Qa5 18. Be5 Bc6 19. b3 Bxa4 20. bxa4 Rfd8 21. Qb2 Nd6 22. Bxd6 Bxd6 23. Nd4 Qb6 24. Bf5 g6 25. Bd3 Rac8 26. Rac1 Be5 27. f3 a5 28. Bb5 Bxd4 29. Qxd4 Qxd4 30. exd4 Ne8 31. Bxe8 Rxe8 32. Rc5 Rxc5 33. dxc5 Rc8 34. Rxd5 Kf8 35. c6 Rxc6 36. Rxa5 Rc2 37. Rb5 Rxa2 38. Rxb4 1/2-1/2